000 02185nam a22002897a 4500
001 11469
003 IN-BhIIT
005 20260319151634.0
008 260319b |||||||| |||| 00| 0 eng d
020 _a9789402417876
040 _aIN-BhIIT
041 _aeng
082 0 0 _a621.31
_bBER/B
100 1 _aBergveld, Henk Jan.
_eAuthor
_927627
245 1 0 _aBattery management systems :
_bdesign by modelling /
_c Henk Jan Bergveld, Wanda S. Kruijt and Peter H.L. Notten.
260 _aBoston :
_bKluwer Academic Publishers,
_c2020.
300 _axxv, 295 p. :
_bill. ;
_c25 cm.
504 _aIncludes bibliographical references and index.
520 _aBattery Management Systems - Design by Modelling describes the design of Battery Management Systems (BMS) with the aid of simulation methods. The basic tasks of BMS are to ensure optimum use of the energy stored in the battery (pack) that powers a portable device and to prevent damage inflicted on the battery (pack). This becomes increasingly important due to the larger power consumption associated with added features to portable devices on the one hand and the demand for longer run times on the other hand. In addition to explaining the general principles of BMS tasks such as charging algorithms and State-of-Charge (SoC) indication methods, the book also covers real-life examples of BMS functionality of practical portable devices such as shavers and cellular phones.The contents of Battery Management Systems - Design by Modelling is based on years of research performed at the Philips Research Laboratories. The combination of basic and detailed descriptions of battery behaviour both in chemical and electrical terms makes thisbook truly multidisciplinary. It can therefore be read both by people with an (electro)chemical and an electrical engineering background.
650 0 _aBattery chargers
_xComputer-aided design.
_927628
650 0 _aStorage batteries
_xProtection.
_927629
650 0 _aPower electronics.
700 1 _aKruijt, Wanda S.
_eJoint Author
_927630
700 1 _aNotten, P. H. L.
_eJoint Author
_927631
856 4 2 _uhttp://www.loc.gov/catdir/enhancements/fy0813/2002029690-d.html
942 _cTRB
999 _c15468
_d15468